SİS NASIL OLSA DAĞILIR (Record no. 1175394)
[ view plain ]
| 000 -LEADER | |
|---|---|
| sabit uzunluktaki kontrol alanı | 00249nam a2200097Ia 4500 |
| 001 - KONTROL NUMARASI | |
| kontrol alanı | 1175394 |
| 005 - EN SON İŞLEMİN TARİH VE ZAMANI | |
| kontrol alanı | 20250827012650.0 |
| 008 - SABİT-UZUNLUKTA VERİ ÖĞELERİ--GENEL BİLGİ | |
| sabit uzunluktaki kontrol alanı | 250824s9999 xx 000 0 und d |
| 245 #0 - ESER / YAZAR | |
| ESER ADI | SİS NASIL OLSA DAĞILIR |
| Yazar Adı | AHMET MELİH KARAUĞUZ |
| 260 ## - YAYIN, DAĞITIM, VB. | |
| YAYIN EVİ | KETEBE |
No items available.